000 00794cam a2200265 i 4500
005 20260322212010.0
008 data
010 _a 76026220
020 _a0060110546 :
_c{dollar}12.50
020 _a9780060110543 :
_c{dollar}12.50
040 _aDLC
_cDLC
_dDLC
043 _an-us---
050 0 0 _aGV1132.D4
_bA27 1977
082 0 0 _aB
_aB
100 1 _aDempsey, Jack,
_d1895-1983.
245 1 0 _aDempsey /
_cJack Dempsey & Barbara Piattelli Dempsey.
250 _a1st ed.
260 _aNew York :
_bHarper & Row,
_cc1977.
300 _axiii, 320 p., [12] leaves of plates :
_bill. ;
_c24 cm.
500 _aIncludes index.
600 1 0 _aDempsey, Jack,
_d1895-1983.
650 0 _aBoxers (Sports)
_zUnited States
_xBiography.
700 1 _aDempsey, Barbara Piattelli,
_ejoint author.
001 data
999 _c212
_d212